Lớp vỏ cảnh quan và các quy luật địa lí của trái đất : Giáo trình đào tạo Gv trung học cơ sở hệ cao đẳng sư phạm /
Wedi'i Gadw mewn:
| Prif Awdur: | |
|---|---|
| Fformat: | Sách giấy |
| Iaith: | Vietnamese |
| Cyhoeddwyd: |
Hà Nội :
Giáo dục ,
1998
|
| Tagiau: |
Ychwanegu Tag
Dim Tagiau, Byddwch y cyntaf i dagio'r cofnod hwn!
|
| Thư viện lưu trữ: | Thư viện Trường Đại học Đà Lạt |
|---|
| LEADER | 00724nam a2200253 4500 | ||
|---|---|---|---|
| 001 | DLU020013744 | ||
| 005 | ##6/20/2000 | ||
| 020 | # | # | |a 978- |
| 041 | # | # | |a vie |
| 082 | # | # | |a 551.3 |b NG-C |
| 090 | # | # | |a 551.3 |b NG-C |
| 100 | # | # | |a Nguyễn Thị Kim Chương |
| 245 | # | # | |a Lớp vỏ cảnh quan và các quy luật địa lí của trái đất : |b Giáo trình đào tạo Gv trung học cơ sở hệ cao đẳng sư phạm / |c Nguyễn Thị Kim Chương |
| 260 | # | # | |a Hà Nội : |b Giáo dục , |c 1998 |
| 300 | # | # | |a 56 tr.; |c 24 cm. |
| 992 | # | # | |a 4400 |
| 994 | # | # | |a DLU |
| 900 | # | # | |a False |
| 911 | # | # | |a Administrator |
| 925 | # | # | |a G |
| 926 | # | # | |a A |
| 927 | # | # | |a SH |
| 980 | # | # | |a Thư viện Trường Đại học Đà Lạt |